| 000 | 00786nam a2200217 i 4500 | ||
|---|---|---|---|
| 001 | 181999 | ||
| 003 | ES-MaACL | ||
| 005 | 20250706080609.0 | ||
| 008 | 130523q18501899fr |||| | fre d | ||
| 100 | 1 |
_aBalzac, Honoré de, _d1799-1850 _925139 |
|
| 245 | 1 | 3 |
_a[La vendetta / _cHonoré de Balzac]. |
| 260 |
_a[S.l. : _bs.n., _c18-?] ( _fImp. de Bry) |
||
| 300 |
_a16 p. : _bil. ; _c30 cm. |
||
| 490 | 1 | _aOeuvres illustrées de Balzac | |
| 594 | _aTítulo y autor tomado de principio del texto. | ||
| 594 | _aPrecede al tít.: Oeuvres de jeunesse. | ||
| 596 | _aProbablemente impreso en la segunda mitad del siglo XIX. | ||
| 830 | 0 | 0 |
_aOeuvres illustrées de Balzac _9191710 |
| 852 |
_aES-MaACL _jR-1710(2) _q.- Ejempl. sin portada en un vol. facticio |
||
| 999 |
_c181999 _d181999 |
||